[Event "Guernsey Holiday op"]
[Site "Guernsey"]
[Date "2009.10.22"]
[Round "5"]
[White "Williams, Peter D"]
[Black "Foster, Paul"]
[Result "1-0"]
[WhiteElo "1690"]
[BlackElo "1738"]
[PlyCount "45"]
[EventDate "2009.10.18"]
[EventType "swiss"]
[EventRounds "7"]
[EventCountry "GCI"]
[SourceTitle "EXT 2015"]
[Source "ChessBase"]
[SourceDate "2014.11.20"]
[SourceVersion "1"]
[SourceVersionDate "2014.11.20"]
[SourceQuality "1"]

1. e4 c6 2. d4 d5 3. exd5 Qxd5 4. c4 Qa5+ 5. Bd2 Qc7 6. Bc3 Bf5 7. Nf3 Nd7 8. Bd3 Bxd3 9. Qxd3 Ngf6 10. 0-0 e6 11. Nbd2 0-0-0 12. Qc2 h5 13. b4 h4 14. b5 cxb5 15. cxb5 Bd6 16. Rfc1 Kb8 17. Qb3 Bf4 18. Bb4 Qb6 19. Nc4 Nc5 20. Bxc5 Qc7 21. b6 Qc6 22. bxa7+ Ka8 23. Nb6+ 1-0